000 01378nam a22003617a 4500
001 00188
003 DO-SdBNP
005 20180307111113.0
007 00188
008 160413b dr 2000||||| |||| 00| 0 spa d
020 _a9789945400144
040 _aBPMSU
_bspa
_cBPMSU
092 _a372.7 R788m 5to./ 6to. [20--?]
100 1 _aDe la Rosa, María del Jesús
245 1 _aMatemática V ;
_bMatemática VI /
_cMaría del Jesús De la Rosa, Francisca Antonia Medrano ; ilustraciones Daniel Bisonó
246 1 4 _aMatemática V & VI
260 _aSanto Domingo :
_bActualidad escolar 2000,
_c[20--?]
300 _a266 p. :
_bil.,
_c28 cm.
490 1 _aMatemática para educación media
_v10
501 _aEncuadernado con: Matemática VI
505 _tMatemática V :
_tPrimer semestre - Primer grado, segundo ciclo --
_tMatemática VI :
_tSegundo semestre - Primer grado, segundo ciclo.
650 4 _aMATEMÁTICAS
_xENSEÑANZA BÁSICA
650 4 _aMATEMÁTICAS
_xEDUCACIÓN PRIMARIA
650 4 _aMATEMÁTICAS
_xLIBROS DE TEXTOS
650 4 _aMATEMÁTICAS
_xESTUDIOS Y EJERCICIOS
650 4 _aEDUCACIÓN PRIMARIA
_zREPÚBLICA DOMINICANA
700 1 2 _aMedrano, Francisca Antonia
700 1 2 _aBisonó, Daniel.
910 _aValidado. Control de calidad MFF
942 _2ddc
_cBK
945 _aRemanejado para la BNPHU / 2018 VM
956 _aBrenda Tavárez
999 _c9756
_d9756